Financial and non-financial incentives of Beta Electric Corporation in Taguig City (Record no. 58226)

MARC details
000 -LEADER
fixed length control field 00900nam a22002297a 4500
003 - CONTROL NUMBER IDENTIFIER
control field URS
005 - DATE AND TIME OF LATEST TRANSACTION
control field 20220607162035.0
008 - FIXED-LENGTH DATA ELEMENTS--GENERAL INFORMATION
fixed length control field 220607b ||||| |||| 00| 0 eng d
100 ## - MAIN ENTRY--PERSONAL NAME
9 (RLIN) 1701
Personal name Joren, Kobe Jay N.
Relator term author
245 ## - TITLE STATEMENT
Title <a href="Financial and non-financial incentives of Beta Electric Corporation in Taguig City">Financial and non-financial incentives of Beta Electric Corporation in Taguig City</a>
Statement of responsibility, etc Kobe Jay N. Joren, Pamela M. Lleno, Elline C. Mauricio
260 ## - PUBLICATION, DISTRIBUTION, ETC. (IMPRINT)
Date of publication, distribution, etc 2021
300 ## - PHYSICAL DESCRIPTION
Extent x, 61 leaves
Dimensions 28 cm.
336 ## - CONTENT TYPE
Source rdacontent
Content type term text
337 ## - MEDIA TYPE
Source rdamedia
Media type term unmediated
338 ## - CARRIER TYPE
Source rdacarrier
Carrier type term volume
502 ## - DISSERTATION NOTE
Dissertation note Thesis
Degree type Bachelor of Science in Business Administration Major in Human Resource Management
Name of granting institution University of Rizal System, Binangonan
Year degree granted 2021
504 ## - BIBLIOGRAPHY, ETC. NOTE
Bibliography, etc Includes bibliographical references.
700 ## - ADDED ENTRY--PERSONAL NAME
9 (RLIN) 1702
Personal name Lleno, Pamela M.
Relator term author
700 ## - ADDED ENTRY--PERSONAL NAME
9 (RLIN) 1703
Personal name Mauricio, Elline C.
Relator term author
700 ## - ADDED ENTRY--PERSONAL NAME
9 (RLIN) 1679
Personal name Albert Q. Clemente, MM
Relator term adviser
942 ## - ADDED ENTRY ELEMENTS (KOHA)
Source of classification or shelving scheme Library of Congress Classification
Koha item type Theses and dissertations
Holdings
Withdrawn status Source of classification or shelving scheme Damaged status Not for loan Home library Current library Date acquired Total Checkouts Barcode Date last seen Price effective from Koha item type
  Library of Congress Classification     Binangonan College Library Binangonan College Library 06/07/2022   URSBIN-UGT2241 06/07/2022 06/07/2022 Theses and dissertations

University of Rizal System
Email us at univlibservices@urs.edu.ph

Visit our Website www.urs.edu.ph/library